Normal view
MARC view
- PLZ/SYS (COMPUTER PROGRAMME LAMGUAGE) MICROPROCESSORS PROGRAMMING
Entry Topical Term
001 - CONTROL NUMBER
- control field: 74473
003 - CONTROL NUMBER IDENTIFIER
- control field: NUST
005 - DATE AND TIME OF LATEST TRANSACTION
- control field: 20210628205227.0
008 - FIXED-LENGTH DATA ELEMENTS
- fixed length control field: 210628|| aca||aabn | a|a d
040 ## - CATALOGING SOURCE
- Original cataloging agency: NUST
- Transcribing agency: NUST
150 ## - HEADING--TOPICAL TERM
- Topical term or geographic name entry element: PLZ/SYS (COMPUTER PROGRAMME LAMGUAGE) MICROPROCESSORS PROGRAMMING
670 ## - SOURCE DATA FOUND
- Source citation: Work cat.: (NUST): GRIES, D,CONWAY, R 74472, INTRODUCTION TO MICROPROCESSOR PROGRAMMING USING PLZ, 1979
